000 00415nam a2200169Ia 4500
008 170705s9999 xx 000 0 und d
020 _a9780439135753
245 4 _aThe selfish crocodile /
245 _cby Faustin Charles and Michael Terry.
260 _aNew York :
260 _bScholastic,
260 _c2000
300 _aunpaged :
300 _bcolor illustration ;
300 _c22cm.
500 _a580
999 _c337270
_d337270